Представление документа в формате RUSMARC

ПолеНазваниеЗначение
  Тип записи a
  Библиографический уровень a
001 Контрольный номер RU/CBS_UL/BASE/404e10877b5a46e8bd073daa222d9061
005 Дата корректировки 20250318103456.4
100 Данные общей обработки __
a Данные общей обработки 20250318 ||| 0rusy0189 ca
101 Язык документа 0_
a Язык текста rus
102 Страна публикации __
a Страна публикации RU
200 Заглавие и сведения об ответственности 1_
a Заглавие Красны крестьянки красным
e Сведения, относящиеся к заглавию [о красном цвете в творчестве Ф. Малявина и А. Архипова, чем именно привлекал художников этот яркий и энергичный цвет и как он использовался для передачи настроения и характеров]
f Первые сведения об ответственности Р. Агеев
300 Общие примечания __
a Общие примечания 6+
461 Уровень набора _0
1 2000
a Эскиз
463 Уровень физической единицы _0
1 2000
a № 2
v С. 12-17 : ил.
1 2101
d 2025
1 001RU/CBS_UL/BASE/f24dbc87464a44f49fe3a0f6e9ed22a5
600 Персоналии _1
a Персоналии (Фамилия) Малявин
b Персоналии (Имя, инициалы) Ф.А.
600 Персоналии _1
a Персоналии (Фамилия) Архипов
b Персоналии (Имя, инициалы) А.Е.
606 Тематические рубрики 0_
a Основная рубрика Малявин, Филипп Андреевич (1869-1940)
606 Тематические рубрики 0_
a Основная рубрика Архипов, Абрам Ефимович (1862-1930)
610 Ключевые слова 0_
a Ключевые слова живопись русская
610 Ключевые слова 0_
a Ключевые слова художники русские
610 Ключевые слова 0_
a Ключевые слова русские живописцы
610 Ключевые слова 0_
a Ключевые слова графики
610 Ключевые слова 0_
a Ключевые слова жанристы
610 Ключевые слова 0_
a Ключевые слова портретисты
610 Ключевые слова 0_
a Ключевые слова красный цвет
610 Ключевые слова 0_
a Ключевые слова красный цвет в живописи
610 Ключевые слова 0_
a Ключевые слова Адепты красного. Малявин & Архипов (выставки)
686 Индексы других классификаций __
2 Код системы rubbk
a Классификационный индекс 85.143(2)1
700 Автор _1
a Фамилия Агеев
b Имя (инициалы) Р.
801 Источник записи _0
a Страна RU
b Организация МБУК ЦБС г. Ульяновска
c Дата составления 20250318
g Правила каталогизации RCR
801 Источник записи _1
a Страна RU
b Организация МБУК ЦБС г. Ульяновска
c Дата составления 20250318
g Правила каталогизации RCR
901 Тип документа __
t Тип документа b
w Контрольный № источника RU/CBS_UL/BASE/f24dbc87464a44f49fe3a0f6e9ed22a5
909 Создатель записи __
a Создатель записи lib1